Guinness world records 2002 / (Record no. 9693)
[ view plain ]
| 000 -LEADER | |
|---|---|
| fixed length control field | 00621nam a2200229 a 4500 |
| 001 - CONTROL NUMBER | |
| JCCL Control Number | 9693 |
| 003 - CONTROL NUMBER IDENTIFIER | |
| JCCL marc code | BD-JhCC |
| 005 - DATE AND TIME OF LATEST TRANSACTION | |
| control field | 20180322125923.0 |
| 008 - FIXED-LENGTH DATA ELEMENTS--GENERAL INFORMATION | |
| fixed length control field | 180322s2002 nyua|||| |||| 001 0 eng d |
| 020 ## - INTERNATIONAL STANDARD BOOK NUMBER | |
| International Standard Book Number | 1892051060 |
| 035 ## - SYSTEM CONTROL NUMBER | |
| system control number | (BD-JhCC)9693 |
| 040 ## - CATALOGING SOURCE | |
| Original cataloging agency | BD-JhCC |
| Modifying agency | BD-JhCC |
| 041 ## - LANGUAGE CODE | |
| Language code of Book | eng |
| 082 ## - DEWEY DECIMAL CLASSIFICATION NUMBER | |
| Classification number | 031.02 |
| Author mark and Year | GUI 2002 |
| 245 ## - TITLE STATEMENT | |
| Title | Guinness world records 2002 / |
| Statement of responsibility, etc | edited by Antonia Cunningham |
| 260 ## - PUBLICATION, DISTRIBUTION, ETC. (IMPRINT) | |
| Place of publication, distribution, etc | Spain : |
| Name of publisher, distributor, etc | Grafica, |
| Date of publication, distribution, etc | 2002. |
| 300 ## - PHYSICAL DESCRIPTION | |
| Pagination | 288 p. : |
| Other physical details | illus; |
| Dimensions | 25 cm. |
| 504 ## - BIBLIOGRAPHY, ETC. NOTE | |
| Bibliography, etc | Includes index |
| 650 ## - SUBJECT ADDED ENTRY--TOPICAL TERM | |
| Topical term or geographic name as entry element | Records of Achievements |
| Form subdivision | Collections |
| 700 ## - ADDED ENTRY--PERSONAL NAME | |
| Personal name | Cunningham, Antonia |
| 942 ## - ADDED ENTRY ELEMENTS (KOHA) | |
| Source of classification or shelving scheme | Dewey Decimal Classification |
| Koha item type | Reference |
| Source of classification or shelving scheme | Damaged status | Not for loan | Home library | Current library | Shelving location | Date of accession | Cost, normal purchase price | Total Checkouts | Full call number | Barcode | Date last seen | Copy number | Koha item type |
|---|---|---|---|---|---|---|---|---|---|---|---|---|---|
| Dewey Decimal Classification | JCC Rouf Library | JCC Rouf Library | General Stacks | 03/22/2018 | 1200.00 | 031.02 GUI 2002 | 12838 | 03/22/2018 | C-1 | Reference | |||
| Dewey Decimal Classification | Not For Loan | JCC Rouf Library | JCC Rouf Library | General Stacks | 06/20/2020 | 1798.00 | 031.02 GUI 2019 | 16012 | 09/06/2020 | C-2 | Reference |